Dinos des Jurassic Park (et World) - Statistiques

Statistiques générales
  • Ce quiz a été pris 1 199 fois
  • Le résultat moyen est 11 sur 25
Statistiques - réponses
Jurassic Park 1 Jurassic Park 2 Jurassic Park 3 Jurassic World Dinosaures % Correct
oui oui oui oui Tyrannosaurus Rex
99%
oui oui oui oui Vélociraptors
95%
oui oui oui oui Tricératops
87%
oui oui oui Brachiosaure
75%
oui Indominus Rex
71%
oui Spinosaure
71%
oui oui oui Stégosaure
68%
oui oui oui Ptéranodon
62%
oui oui Ankylosaure
58%
oui Mosasaure Géant
56%
oui Dilophosaure
53%
oui oui oui Gallimimus
40%
oui oui oui oui Parasaurolophus
35%
oui oui Pachycéphalosaure
31%
oui Dimorphodon
30%
oui Apatosaure
28%
oui oui Compsognatus
28%
oui Cératosaure
25%
oui Baryonyx
12%
oui Corythosaure
12%
oui Mamenchisaure
8%
oui Edmontosaure
6%
oui Suchomimus
5%
oui Metriacanthosaure
3%
oui Microceratus
2%
Aucun quiz correspondant
Distribution des résultats
% des personnes avec chaque résultat
Percentile par nombre de réponses
Votre historique - résultats
Vous n’avez pas pris ce quiz